Artistas Trap Brasil - Statistics

General Stats
  • This quiz has been taken 179 times
  • The average score is 11 of 16
Answer Stats
Picture Answer % Correct
Matue
99%
Mc cabelinho
93%
Mc ig
89%
Mc hariel
87%
Veigh
84%
Mc poze do rodo
82%
Mc ryan sp
77%
Orochi
77%
Filipe ret
75%
Tz da coronel
68%
Mc ph
62%
Yunk vino
53%
Alee
51%
Mc tuto
51%
Major rd
40%
Brandao085
17%
No matching quizzes found
Score Distribution
Percent of People with Each Score
Percentile by Number Answered
Your Score History
You have not taken this quiz